| 000 | 00498nam a22001937a 4500 | ||
|---|---|---|---|
| 003 | MPLRDC | ||
| 005 | 20220104161053.0 | ||
| 008 | 210129b ||||| |||| 00| 0 eng d | ||
| 020 | _a7-81036-518-5 | ||
| 082 | _a176.4 HTXS | ||
| 100 | _a和田香树 | ||
| 245 |
_a数字成功之本 _c朱丽真等译 |
||
| 250 | _a一版一刷 | ||
| 260 |
_a中国 _b汕头大学出版社 _c2004 |
||
| 300 | _b平 | ||
| 490 | _a经济新潮. 09 | ||
| 650 | _a心理过程--思维 | ||
| 942 |
_cBK _o176.4 HTXS |
||
| 999 |
_c55301 _d55291 |
||